000 00539nam a2200205Ia 4500
003 OSt
005 20250110145428.0
008 210716s1966 xx 000 0 und d
020 _a0553137034
040 _cAIMIT LIBRARY
041 _aeng
082 _a808.83
_21
_bLAML
100 _aLamour, Louis.
_9193015
245 _aMustang man /
_cBy Louis Lamour.
250 _a1st ed.
260 _aNew York :
_bBantam books ;
_c1966.
300 _a168p. ;
_bPB
_c17 cm.
650 _aNovels
_9193016
942 _2ddc
_cBK
_e1st ed.
_k808.83 LAML
999 _c200269
_d200269